| 000 | 00744nam a22001577a 4500 | ||
|---|---|---|---|
| 003 | OSt | ||
| 005 | 20151209102447.0 | ||
| 008 | 151209b xxu||||| |||| 00| 0 eng d | ||
| 040 | _cRUA | ||
| 082 | _aATM SAM 2007 B194 Or.1 | ||
| 100 |
_94575 _aSAM SOPHON; សំសុផុន |
||
| 245 | _aEffeciency of immobile mechanical dryer on grain paddy quality in farmer community in baray district, kampong thom province, ប្រសិទ្ធភាពឡសម្ងួតអចល័តលើគុណភាពគ្រាប់ស្រូវនៅក្នុងសហគុមន៍កសិករ នៅស្រុកបារាណ៍. | ||
| 260 |
_aPhnom Penh _bRUA _c2007 |
||
| 300 |
_axiv; 43p. _bill. _c29cm. |
||
| 942 |
_2ddc _cATM |
||
| 999 |
_c4264 _d4264 |
||